[Event "Tula Sinitsin Memorial"]
[Site "Tula"]
[Date "2010.04.??"]
[Round "9"]
[White "Grebenshikova, Tatyana"]
[Black "Obolentseva, Nina"]
[Result "1/2-1/2"]
[WhiteElo "1918"]
[BlackElo "1928"]
[PlyCount "33"]
[EventDate "2010.04.??"]
[EventType "tourn"]
[EventRounds "17"]
[EventCountry "RUS"]
[SourceTitle "EXT 2012"]
[Source "ChessBase"]
[SourceDate "2011.11.24"]
[SourceVersion "1"]
[SourceVersionDate "2011.11.24"]
[SourceQuality "1"]

1. e4 e5 2. d4 exd4 3. Bc4 Bb4+ 4. c3 Bc5 5. Bxf7+ Kxf7 6. Qh5+ Kf8 7. Qxc5+ d6 8. Qxd4 Qf6 9. Nf3 Nc6 10. Qxf6+ gxf6 11. Be3 Bd7 12. Nbd2 a6 13. h3 h5 14. Nb3 Re8 15. Nbd2 Kf7 16. 0-0 h4 17. Bf4 1/2-1/2

[Event "Tula Sinitsin Memorial"]
[Site "Tula"]
[Date "2010.04.??"]
[Round "5"]
[White "Kuznezov, Albert"]
[Black "Grebenshikova, Tatyana"]
[Result "1-0"]
[WhiteElo "2019"]
[BlackElo "1918"]
[PlyCount "53"]
[EventDate "2010.04.??"]
[EventType "tourn"]
[EventRounds "17"]
[EventCountry "RUS"]
[SourceTitle "EXT 2012"]
[Source "ChessBase"]
[SourceDate "2011.11.24"]
[SourceVersion "1"]
[SourceVersionDate "2011.11.24"]
[SourceQuality "1"]

1. d4 d5 2. c4 e6 3. Nc3 Nc6 4. e3 Nf6 5. Bd3 Be7 6. Nf3 Nb4 7. Be2 Bd7 8. 0-0 Nc6 9. a3 a5 10. Ne5 Bd6 11. Nxd7 Qxd7 12. cxd5 exd5 13. Bd2 h5 14. h3 g5 15. Nb5 g4 16. Nxd6+ Qxd6 17. f4 gxh3 18. gxh3 Rg8+ 19. Kh2 Ne4 20. Be1 Qg6 21. Bf3 Kd7 22. Bxe4 Qxe4 23. Qf3 Qxf3 24. Rxf3 Rae8 25. Bf2 Nxd4 26. exd4 Re2 27. b3 1-0

[Event "Tula Region-ch op"]
[Site "Tula"]
[Date "2008.08.09"]
[Round "9"]
[White "Grebenshikova, Tatyana"]
[Black "Larionova, Anna"]
[Result "1/2-1/2"]
[WhiteElo "1954"]
[BlackElo "1878"]
[PlyCount "90"]
[EventDate "2008.08.01"]
[EventType "swiss"]
[EventRounds "9"]
[EventCountry "RUS"]
[SourceTitle "EXT 2022"]
[Source "ChessBase"]
[SourceDate "2021.10.06"]
[SourceVersion "1"]
[SourceVersionDate "2021.10.06"]
[SourceQuality "1"]

1. e4 c5 2. Nf3 Nc6 3. d4 cxd4 4. Nxd4 Nf6 5. Nc3 e5 6. Ndb5 d6 7. Bg5 a6 8. Bxf6 gxf6 9. Na3 b5 10. Nd5 Bg7 11. c3 f5 12. exf5 Bxf5 13. Ne3 Be6 14. Be2 0-0 15. 0-0 f5 16. Kh1 d5 17. Nac2 f4 18. Bg4 Bxg4 19. Qxg4 fxe3 20. Nxe3 Kh8 21. Rad1 d4 22. Qe4 Rc8 23. Nf5 Qf6 24. Ng3 Qf4 25. Qd5 dxc3 26. bxc3 Rfd8 27. Qe6 Qf6 28. Qg4 Ne7 29. Nh5 Qg6 30. Qe2 Nd5 31. Qf3 e4 32. Qh3 Nxc3 33. Nf4 Qf7 34. Rc1 Qxf4 35. Qe6 Be5 36. Qh3 Rc6 37. g3 Qf3+ 38. Qg2 Qxg2+ 39. Kxg2 Rcd6 40. f4 exf3+ 41. Rxf3 Rd2+ 42. Kh3 Rxa2 43. Rf5 Bg7 44. Re1 Rf8 45. Rc5 Re2 1/2-1/2

[Event "Tula Region-ch op"]
[Site "Tula"]
[Date "2008.08.03"]
[Round "?"]
[White "Solovjeva, Alexandra"]
[Black "Grebenshikova, Tatyana"]
[Result "1-0"]
[WhiteElo "2049"]
[BlackElo "1954"]
[PlyCount "65"]
[EventDate "2008.08.01"]
[EventType "swiss"]
[EventRounds "9"]
[EventCountry "RUS"]
[SourceTitle "EXT 2022"]
[Source "ChessBase"]
[SourceDate "2021.10.06"]
[SourceVersion "1"]
[SourceVersionDate "2021.10.06"]
[SourceQuality "1"]

1. e4 d5 2. exd5 Qxd5 3. Nc3 Qd8 4. d4 Nf6 5. Nf3 e6 6. Bc4 Bb4 7. 0-0 Nc6 8. Bg5 h6 9. Bh4 g5 10. Bg3 g4 11. Ne5 Nxd4 12. Nb5 Bc5 13. Bh4 c6 14. Nxd4 Bxd4 15. Bxf6 Qxf6 16. Qxd4 b5 17. Be2 h5 18. Nxc6 Qxd4 19. Nxd4 a6 20. Rad1 Bb7 21. Rfe1 Bd5 22. Bd3 Kd7 23. Be4 Kd6 24. Bxd5 exd5 25. Nf5+ Kc5 26. Re5 Rad8 27. Ne3 f6 28. Rexd5+ Rxd5 29. Rxd5+ Kc6 30. Rf5 Rf8 31. Rxh5 Re8 32. Rf5 Re6 33. Kf1 1-0

[Event "Tula Region-ch op"]
[Site "Tula"]
[Date "2008.08.02"]
[Round "2"]
[White "Grebenshikova, Tatyana"]
[Black "Pastushkov, Mikhail"]
[Result "1/2-1/2"]
[WhiteElo "1954"]
[BlackElo "2135"]
[PlyCount "50"]
[EventDate "2008.08.01"]
[EventType "swiss"]
[EventRounds "9"]
[EventCountry "RUS"]
[SourceTitle "EXT 2022"]
[Source "ChessBase"]
[SourceDate "2021.10.06"]
[SourceVersion "1"]
[SourceVersionDate "2021.10.06"]
[SourceQuality "1"]

1. e4 d5 2. exd5 Nf6 3. d4 Nxd5 4. c4 Nb6 5. Nc3 Nc6 6. Be3 g6 7. d5 Ne5 8. c5 Nbd7 9. h3 Nf6 10. Nf3 Nxf3+ 11. Qxf3 Bg7 12. Bc4 0-0 13. 0-0 e5 14. Rad1 Bf5 15. Bg5 h6 16. Bxf6 Bxf6 17. Ne4 Bxe4 18. Qxe4 Qe7 19. d6 cxd6 20. cxd6 Qd7 21. Qxg6+ Bg7 22. Rd3 Kh8 23. Qh5 Rac8 24. Bb3 f5 25. Rfd1 e4 1/2-1/2

[Event "Tula Region-ch (Women)"]
[Site "Tula"]
[Date "2007.09.21"]
[Round "7"]
[White "Azarova, Tatiana"]
[Black "Grebenshikova, Tatyana"]
[Result "0-1"]
[WhiteElo "2065"]
[BlackElo "1973"]
[PlyCount "42"]
[EventDate "2007.09.15"]
[EventType "swiss"]
[EventRounds "9"]
[EventCountry "RUS"]
[SourceTitle "EXT 2009"]
[Source "ChessBase"]
[SourceDate "2008.11.26"]
[SourceVersion "1"]
[SourceVersionDate "2008.11.26"]
[SourceQuality "1"]

1. e4 d5 2. Nc3 d4 3. Nce2 e5 4. Nf3 Nc6 5. d3 Bg4 6. c3 Be7 7. Ng3 Nf6 8. Be2 Qd7 9. h3 Bxf3 10. Bxf3 g6 11. Qb3 dxc3 12. Qxc3 Bb4 13. 0-0 Bxc3 14. bxc3 h6 15. Bb2 h5 16. h4 Ng4 17. Rfd1 Qe7 18. Bxg4 hxg4 19. Nf5 gxf5 20. g3 f4 21. d4 0-0-0 0-1

[Event "Tula Sinitsin Memorial"]
[Site "Tula "]
[Date "2007.04.26"]
[Round "13"]
[White "Zerzhalova, Svetlana"]
[Black "Grebenshikova, Tatyana"]
[Result "1/2-1/2"]
[WhiteElo "1953"]
[BlackElo "2024"]
[PlyCount "32"]
[EventDate "2007.04.06"]
[EventType "tourn"]
[EventRounds "13"]
[EventCountry "RUS"]
[SourceTitle "EXT 2008"]
[Source "ChessBase"]
[SourceDate "2007.11.25"]
[SourceVersion "1"]
[SourceVersionDate "2007.11.25"]
[SourceQuality "1"]

1. e4 e5 2. Nf3 Nc6 3. Bb5 d6 4. d4 exd4 5. Qxd4 Bd7 6. Bxc6 Bxc6 7. Nc3 Nf6 8. Bg5 Be7 9. 0-0-0 0-0 10. h4 h6 11. Nd5 Nxd5 12. exd5 Bd7 13. Bxe7 Qxe7 14. Rde1 Qf6 15. Qxf6 gxf6 16. h5 Bg4 1/2-1/2

[Event "RUS Central Region-ch (Women) "]
[Site "Tula"]
[Date "2007.03.25"]
[Round "9"]
[White "Grebenshikova, Tatyana"]
[Black "Kosolapova, Lilia"]
[Result "0-1"]
[WhiteElo "1996"]
[BlackElo "1910"]
[PlyCount "52"]
[EventDate "2007.03.17"]
[EventType "swiss"]
[EventRounds "9"]
[EventCountry "RUS"]
[SourceTitle "EXT 2010"]
[Source "ChessBase"]
[SourceDate "2010.11.25"]
[SourceVersion "1"]
[SourceVersionDate "2010.11.25"]
[SourceQuality "1"]

1. Nf3 Nf6 2. Nc3 g6 3. d4 Bg7 4. e4 d6 5. Bc4 0-0 6. Be3 Nbd7 7. Qd2 e5 8. dxe5 dxe5 9. Rd1 Qe7 10. Bg5 Qb4 11. Bd3 a6 12. 0-0 Qxb2 13. h3 b5 14. Rb1 Qa3 15. Rb3 Qd6 16. a4 Nc5 17. Rb2 bxa4 18. Ra1 Be6 19. Nxa4 Ncxe4 20. Bxe4 Nxe4 21. Qxd6 Nxd6 22. c3 f6 23. Be3 Bc4 24. Bc5 Rab8 25. Bxd6 cxd6 26. Nb6 Be6 0-1

[Event "RUS Central Region-ch (Women) "]
[Site "Tula"]
[Date "2007.03.21"]
[Round "5"]
[White "Shibaeva, Lilia"]
[Black "Grebenshikova, Tatyana"]
[Result "1-0"]
[WhiteElo "2151"]
[BlackElo "1996"]
[PlyCount "98"]
[EventDate "2007.03.17"]
[EventType "swiss"]
[EventRounds "9"]
[EventCountry "RUS"]
[SourceTitle "EXT 2010"]
[Source "ChessBase"]
[SourceDate "2010.11.25"]
[SourceVersion "1"]
[SourceVersionDate "2010.11.25"]
[SourceQuality "1"]

1. e4 d5 2. exd5 Nf6 3. Bb5+ Bd7 4. Bc4 Bg4 5. f3 Bf5 6. Nc3 Nbd7 7. Nb5 Nb6 8. d3 a6 9. Nd4 Bd7 10. Nge2 Nfxd5 11. Bb3 e5 12. Bxd5 Nxd5 13. Nb3 Qh4+ 14. g3 Qh3 15. Kf2 Be7 16. Qf1 Qe6 17. h4 Qb6+ 18. Ke1 Nb4 19. Kd1 Qc6 20. Nc3 Be6 21. Bd2 Bd5 22. Na5 Bxf3+ 23. Kc1 Qc5 24. Qxf3 Qxa5 25. Qxb7 0-0 26. Qe4 Qc5 27. a3 Qa5 28. Nd5 Qxd5 29. axb4 Qxe4 30. dxe4 Rfd8 31. Bc3 f6 32. Ra5 Rdb8 33. Ra4 Rd8 34. Kb1 Kf7 35. b3 Ke6 36. Kb2 h6 37. Rha1 Rdb8 38. Rxa6+ Rxa6 39. Rxa6+ Kd7 40. Ka3 h5 41. Ra5 Bd6 42. Ka4 Re8 43. Ka3 g5 44. hxg5 fxg5 45. Kb2 h4 46. gxh4 gxh4 47. Ra1 Rh8 48. Be1 Be7 49. c3 Ke6 1-0

[Event "RUS Central Region-ch (Women) "]
[Site "Tula"]
[Date "2007.03.17"]
[Round "6"]
[White "Grebenshikova, Tatyana"]
[Black "Zerzhalova, Svetlana"]
[Result "0-1"]
[WhiteElo "1996"]
[BlackElo "1953"]
[PlyCount "53"]
[EventDate "2007.03.17"]
[EventType "swiss"]
[EventRounds "9"]
[EventCountry "RUS"]
[SourceTitle "EXT 2010"]
[Source "ChessBase"]
[SourceDate "2010.11.25"]
[SourceVersion "1"]
[SourceVersionDate "2010.11.25"]
[SourceQuality "1"]

1. e4 c6 2. d4 e6 3. Nf3 Qc7 4. Nc3 Nf6 5. e5 Nd5 6. Ne4 b5 7. a3 a5 8. c3 Na6 9. Be2 Rb8 10. 0-0 Be7 11. Bg5 f6 12. Bd2 0-0 13. Qc2 d6 14. exf6 gxf6 15. Bh6 Rf7 16. Bd3 e5 17. Ng3 Bf8 18. Bxh7+ Rxh7 19. Qg6+ Rg7 20. Bxg7 Qxg7 21. Qxg7+ Bxg7 22. dxe5 dxe5 23. Rad1 Be6 24. Ne4 Kf7 25. Nh4 Bh6 26. Nd6+ Kg8 27. Nhf5 0-1

[Event "Suvorov-ch"]
[Site "Suvorov"]
[Date "2007.01.30"]
[Round "7"]
[White "Grebenshikova, Tatyana"]
[Black "Tkachev, Alexander"]
[Result "0-1"]
[WhiteElo "1996"]
[BlackElo "2259"]
[PlyCount "70"]
[EventDate "2007.01.24"]
[EventType "swiss"]
[EventRounds "9"]
[EventCountry "RUS"]
[SourceTitle "EXT 2019"]
[Source "ChessBase"]
[SourceDate "2018.10.10"]
[SourceVersion "1"]
[SourceVersionDate "2018.10.10"]
[SourceQuality "1"]

1. e4 c5 2. c3 d5 3. exd5 Qxd5 4. d4 Nf6 5. Nf3 Bg4 6. Be2 cxd4 7. cxd4 e6 8. h3 Bf5 9. 0-0 Bxb1 10. Qa4+ Nc6 11. Rxb1 Bd6 12. Bc4 Qf5 13. Bg5 0-0 14. Qd1 Ne4 15. Bd3 h6 16. Re1 hxg5 17. Bxe4 Qa5 18. d5 exd5 19. Bxd5 Rad8 20. Qb3 Qxd5 21. Qxd5 Bh2+ 22. Kxh2 Rxd5 23. Rbd1 Rfd8 24. Re8+ Rxe8 25. Rxd5 Re2 26. Nxg5 f6 27. Nf3 Rxb2 28. Rd7 Rxf2 29. Rxb7 Rxa2 30. h4 a5 31. h5 a4 32. Nh4 Nd4 33. Rd7 Ne6 34. Re7 Nf4 35. Kg1 Nxh5 0-1

[Event "Suvorov-ch"]
[Site "Suvorov"]
[Date "2007.01.24"]
[Round "1"]
[White "Grebenshikova, Tatyana"]
[Black "Krupoder, Sergey"]
[Result "1/2-1/2"]
[WhiteElo "1996"]
[BlackElo "2170"]
[PlyCount "65"]
[EventDate "2007.01.24"]
[EventType "swiss"]
[EventRounds "9"]
[EventCountry "RUS"]
[SourceTitle "EXT 2019"]
[Source "ChessBase"]
[SourceDate "2018.10.10"]
[SourceVersion "1"]
[SourceVersionDate "2018.10.10"]
[SourceQuality "1"]

1. e4 e5 2. Nf3 Nc6 3. Bc4 d6 4. Nc3 Bg4 5. h3 Be6 6. Bxe6 fxe6 7. d4 exd4 8. Nxd4 Qd7 9. Qh5+ Qf7 10. Qxf7+ Kxf7 11. Ndb5 Rc8 12. Be3 a6 13. Nd4 Nxd4 14. Bxd4 e5 15. Be3 g6 16. 0-0-0 Bh6 17. Bxh6 Nxh6 18. Nd5 Rhe8 19. Rde1 Ng8 20. Rhf1 Nf6 21. Nxf6 Kxf6 22. f4 exf4 23. Rxf4+ Kg7 24. Ref1 Rf8 25. Kd2 Rxf4 26. Rxf4 Re8 27. Ke3 d5 28. Kd4 dxe4 29. Rxe4 Rxe4+ 30. Kxe4 Kf7 31. Ke5 Ke7 32. g4 h6 33. h4 1/2-1/2

[Event "Tula CC-ch"]
[Site "Tula"]
[Date "2006.09.29"]
[Round "7"]
[White "Grebenshikova, Tatyana"]
[Black "Kramorev, Yuri"]
[Result "0-1"]
[WhiteElo "2017"]
[BlackElo "1966"]
[PlyCount "52"]
[EventDate "2006.09.19"]
[EventType "swiss"]
[EventRounds "9"]
[EventCountry "RUS"]
[SourceTitle "EXT 2010"]
[Source "ChessBase"]
[SourceDate "2010.11.25"]
[SourceVersion "1"]
[SourceVersionDate "2010.11.25"]
[SourceQuality "1"]

1. e4 e5 2. Nf3 Nc6 3. Bb5 a6 4. Ba4 Nf6 5. d4 exd4 6. Nxd4 Qe7 7. 0-0 Qe5 8. Nf3 Qh5 9. Bf4 d6 10. Nd4 Bd7 11. Nxc6 bxc6 12. Qxh5 Nxh5 13. Be3 Be7 14. Nc3 Nf6 15. f4 Rb8 16. Bd4 Rb4 17. Bxf6 Bxf6 18. e5 dxe5 19. fxe5 Bxe5 20. Rae1 f6 21. Bb3 Kd8 22. a3 Rf4 23. Rxf4 Bxf4 24. g3 Be5 25. Rd1 Ke7 26. Na4 Bg4 0-1

[Event "Tula CC-ch"]
[Site "Tula"]
[Date "2005.10.18"]
[Round "4"]
[White "Statsenko, Viktor"]
[Black "Grebenshikova, Tatyana"]
[Result "1-0"]
[WhiteElo "2146"]
[BlackElo "2042"]
[PlyCount "73"]
[EventDate "2005.10.15"]
[EventType "swiss"]
[EventRounds "9"]
[EventCountry "RUS"]
[SourceTitle "EXT 2006"]
[Source "ChessBase"]
[SourceDate "2005.11.24"]
[SourceVersion "1"]
[SourceVersionDate "2005.11.24"]
[SourceQuality "1"]

1. d4 d5 2. c4 e6 3. Nc3 Nf6 4. Nf3 Be7 5. Bf4 c6 6. e3 Bd6 7. Bg5 Be7 8. Qc2 h6 9. Bh4 Nbd7 10. Bd3 dxc4 11. Bxc4 Nd5 12. Bg3 N7b6 13. Be2 Nb4 14. Qd1 Bd7 15. 0-0 0-0 16. a3 N4d5 17. Qc2 f5 18. Ne5 Be8 19. Nc4 Nxc4 20. Bxc4 Bg6 21. Rfe1 b5 22. Bd3 b4 23. Na4 bxa3 24. bxa3 Rc8 25. Nc5 Bf7 26. Be5 Bxc5 27. Qxc5 Nf6 28. Ba6 Nd7 29. Qd6 Nxe5 30. Qxe5 Rb8 31. Rec1 Rb6 32. Be2 Qd7 33. a4 Rfb8 34. Bf3 Rc8 35. h3 Qc7 36. Qc5 Kh7 37. g4 1-0